000 00429 a2200121 4500
001 ART_46403
005 20260410162013.0
008 260409a
245 1 0 _aLa fijación de tarifas para servicios públicos esenciales frente a los derechos de los usuarios
100 1 _aMielnicki, Diego
700 1 _aRoitman, Facundo J.
773 0 _tTemas de derecho administrativo
_g- Año 3, N° 6 (jun. 2018)
_wREV40468
999 _c32402
_d32402